Legal system of Pakistan (Record no. 586021)

000 -LEADER
fixed length control field 00373nam a22001337a 4500
020 ## - INTERNATIONAL STANDARD BOOK NUMBER
International Standard Book Number 9789695571842
082 ## - DEWEY DECIMAL CLASSIFICATION NUMBER
Classification number 342.5491
100 ## - MAIN ENTRY--PERSONAL NAME
Personal name Imran Ahsan Khan Nyazee
245 ## - TITLE STATEMENT
Title Legal system of Pakistan
Statement of responsibility, etc. Imran Ahsan Khan Nyazee
260 ## - PUBLICATION, DISTRIBUTION, ETC.
Place of publication, distribution, etc. Rawalpindi
Name of publisher, distributor, etc. Federal Law House
Date of publication, distribution, etc. 2018
300 ## - PHYSICAL DESCRIPTION
Extent 311p
942 ## - ADDED ENTRY ELEMENTS (KOHA)
Source of classification or shelving scheme
Koha item type Book
Holdings
Withdrawn status Lost status Source of classification or shelving scheme Damaged status Not for loan Permanent Location Current Location Date acquired Total Checkouts Total Renewals Full call number Barcode Date last seen Date last checked out Price effective from Koha item type
          NUST Law School (NLS) NUST Law School (NLS) 07/19/2021 2 3 342.5491 NYA CL-592 05/11/2024 12/18/2023 07/19/2021 Book
© 2023 Central Library, National University of Sciences and Technology. All Rights Reserved.